[Event "JUG-chT"]
[Site "Nis"]
[Date "1994.??.??"]
[Round "?"]
[White "Arsovic, Zoran"]
[Black "Savicevic, Vlatko"]
[Result "0-1"]
[WhiteElo "2325"]
[BlackElo "2265"]

1.Nf3 d5 2.c4 e6 3.d4 Nf6 4.Nc3 Be7 5.Bg5 h6 6.Bh4 O-O 7.Rc1 dxc4 8.e3 c5
9.Bxc4 cxd4 10.exd4 Nc6 11.O-O Nh5 12.Bxe7 Nxe7 13.Ne5 Nf6 14.Qd2 Bd7 15.Rfd1 Bc6
16.Nxc6 bxc6 17.Na4 Rb8 18.Qf4 Qa5 19.Bb3 Rfd8 20.Nc5 Nfd5 21.Qg4 Nf6 22.Qg3 Nfd5
23.Nd3 Nf5 24.Qe5 Qb6 25.Rc5 Kh8 26.Qe4 Nf6 27.Qe1 Rxd4 28.Rxf5 exf5 29.Ne5 Rxd1
30.Qxd1 Qc5 31.Nxf7+ Kh7 32.h3 Re8 33.Qf3 Rf8 34.Be6 Qe7 35.Bb3 Rxf7 36.Qxf5+ g6
37.Qf3 Rf8 38.Qxc6 Qe1+ 39.Kh2 Qe5+ 40.g3 Qe7 41.Qc4 Ne4  0-1

[Event "JUG-chT"]
[Site "Nis"]
[Date "1994.??.??"]
[Round "?"]
[White "Marinkovic, Ivan"]
[Black "Obradovic, Blazimir"]
[Result "1-0"]
[WhiteElo "2445"]
[BlackElo "2245"]

1.Nf3 d5 2.c4 c6 3.Qa4 e6 4.g3 Nf6 5.Bg2 a6 6.d3 b5 7.Qc2 bxc4 8.dxc4 Bb4+
9.Nbd2 O-O 10.O-O a5 11.a3 Be7 12.b3 Qb6 13.Rb1 Nbd7 14.e4 Ba6 15.Bb2 Rfc8
16.e5 Ne8 17.h4 g6 18.Rfe1 Ng7 19.Bd4 Qd8 20.c5 Nf5 21.b4 axb4 22.axb4 Bb5
23.Bh3 Nf8 24.Bb2 Ra4 25.Qc3 Rca8 26.Nb3 Qc7 27.h5 Ng7 28.hxg6 hxg6 29.Kg2 Nh7
30.Rh1 Nf8 31.Nbd4 Bc4 32.Bg4 Rb8 33.Qe3 Nf5 34.Bxf5 gxf5 35.Qh6 Ng6 36.Nxe6  1-0

[Event "NLD-chT9495"]
[Site "?"]
[Date "1994.??.??"]
[Round "3"]
[White "Van der Werf, Mark"]
[Black "Barsov, Alexei"]
[Result "1/2-1/2"]
[WhiteElo "2430"]
[BlackElo "2450"]

1.Nf3 d5 2.c4 e6 3.d4 Nf6 4.Nc3 Be7 5.Bg5 h6 6.Bh4 O-O 7.e3 b6 8.Be2 Bb7
9.Bxf6 Bxf6 10.cxd5 exd5 11.b4 c6 12.O-O a5 13.a3 Re8 14.Qb3 Nd7 15.Rad1 b5
16.Bd3 Nb6 17.Rfe1 Bc8 18.Ne2 Bg4 19.Qc3 Nc4 20.Bxc4 bxc4 21.Ne5 axb4 22.axb4 Bxe5
23.dxe5 Bxe2 24.Rxe2 f6 25.exf6 Qxf6 26.Qxf6 gxf6 27.Kf1 Rab8 28.Rb2 Rb5
29.Ke2 Reb8 30.e4 Re8 31.f3 f5 32.Rd4 fxe4 33.fxe4 Rxe4+ 34.Rxe4 dxe4 35.Rc2 Rxb4
36.Ke3 Kg7 37.Kxe4 c3+ 38.Kd3 Rb3 39.Rxc3  1/2-1/2

[Event "NOR-ch"]
[Site "?"]
[Date "1994.??.??"]
[Round "2"]
[White "Johannessen, Svein"]
[Black "Grotnes, Nils"]
[Result "1/2-1/2"]
[WhiteElo "2330"]
[BlackElo "2325"]

1.Nf3 d5 2.c4 d4 3.e4 c5 4.d3 Nc6 5.Be2 e5 6.O-O Be7 7.Ne1 Nf6 8.Nd2 O-O
9.g3 Bh3 10.Ng2 Qd7 11.f3 a6 12.Rf2 b5 13.b3  1/2-1/2

[Event "BCF-ch"]
[Site "Norwich"]
[Date "1994.??.??"]
[Round "1"]
[White "Brown, Stuart C"]
[Black "Lodhi, Mahmood"]
[Result "1/2-1/2"]
[WhiteElo "2290"]
[BlackElo "2475"]

1.Nf3 d5 2.c4 c6 3.e3 Nf6 4.Nc3 g6 5.d4 Bg7 6.Bd3 O-O 7.O-O Nbd7 8.b3 Re8
9.Bb2 dxc4 10.Bxc4 Nb6 11.Bd3 Bg4 12.h3 Bxf3 13.Qxf3 e5 14.dxe5 Nfd7 15.Bc2 Bxe5
16.Rad1 Qe7 17.Qe2 Nf6 18.Bb1 Nfd5 19.Nxd5 Nxd5 20.Bxe5 Qxe5 21.Qc4 Re7 22.Rd4 Nb6
23.Qd3 Rae8 24.Rd1 Kg7 25.a3 c5 26.Rd6 Qb2 27.a4 c4 28.bxc4 Nxa4 29.Bc2 Nc5
30.Qd4+ Qxd4 31.exd4 Re2 32.Bxg6 hxg6 33.dxc5 Rc2 34.R1d2 Rxc4 35.Rd7 Rxc5
36.Rxb7 Re1+ 37.Kh2 Ra1 38.Rdd7 Rf5 39.Rxa7 Rxa7 40.Rxa7 Rxf2 41.Kg3 Rf1
42.h4 Kh6 43.Ra8 Rd1 44.Rh8+ Kg7 45.Ra8 Rd3+ 46.Kf2 Kf6 47.Ra5 Rb3 48.h5 gxh5
49.Rxh5 Kg6 50.g4  1/2-1/2

[Event "SLO-ch"]
[Site "Nova Gorica"]
[Date "1994.??.??"]
[Round "?"]
[White "Jelen, Iztok"]
[Black "Jelen, Igor"]
[Result "1/2-1/2"]
[WhiteElo "2400"]
[BlackElo "2385"]

1.Nf3 d5 2.c4 e6 3.d4 c5 4.cxd5 exd5 5.Nc3 Nc6 6.g3 Nf6 7.Bg2 Be7 8.O-O O-O
9.b3 Ne4 10.Bb2 Bf6 11.Na4 b6 12.Rc1 Ba6 13.dxc5 Bxb2 14.Nxb2 bxc5 15.Na4 Re8
16.Re1 c4 17.Nd4 Qf6 18.Nxc6 Qxf2+ 19.Kh1 Re6 20.Bxe4 Rh6 21.Bg2 Qxg3 22.Kg1 Qxh2+
23.Kf1 Qf4+ 24.Kg1 Qh2+ 25.Kf1 Qf4+ 26.Bf3 Rh1+ 27.Kf2 Rh2+ 28.Kf1 Rh1+  1/2-1/2

[Event "Oberwart op"]
[Site "Oberwart"]
[Date "1994.??.??"]
[Round "3"]
[White "Schweda, Roland"]
[Black "Serper, Grigory"]
[Result "0-1"]
[WhiteElo "2325"]
[BlackElo "2575"]

1.Nf3 d5 2.c4 c6 3.b3 Bg4 4.Bb2 Bxf3 5.exf3 Nd7 6.Be2 Ngf6 7.O-O e6 8.f4 Bd6
9.g3 O-O 10.d3 Qb6 11.Nd2 e5 12.fxe5 Bxe5 13.Bxe5 Nxe5 14.Nf3 Nxf3+ 15.Bxf3 Qd4
16.Re1 Rfe8 17.Qc2 Nd7 18.Rxe8+ Rxe8 19.Rd1 g6 20.cxd5 cxd5 21.Bg2 h5 22.Qd2 Nf6
23.Rc1 h4 24.Qc3 Qxc3 25.Rxc3 Re1+ 26.Bf1 Ra1 27.Rc2 h3 28.f3 d4 29.Rc8+ Kg7
30.Rd8 Nh7 31.f4 Nf6 32.Rxd4 Ng4 33.Re4 Rxa2 34.Ra4 Rb2 35.Bxh3 Nxh2 36.Bg2 Ng4
37.b4 Rb1+ 38.Bf1 Ne3 39.Kf2 Nxf1 40.Rxa7 b5 41.Rb7 Nh2 42.Rxb5 Ng4+ 43.Ke2 Rb2+  0-1

[Event "Olot op"]
[Site "Olot"]
[Date "1994.??.??"]
[Round "?"]
[White "Deslandes, Pascal"]
[Black "Fernandez, Juan Luis"]
[Result "1-0"]
[WhiteElo "2225"]
[BlackElo "2320"]

1.Nf3 d5 2.c4 c6 3.e3 Nf6 4.Nc3 g6 5.d4 Bg7 6.Be2 O-O 7.O-O dxc4 8.Bxc4 Bg4
9.h3 Bxf3 10.Qxf3 Nbd7 11.Rd1 e5 12.d5 Qb6 13.dxc6 Qxc6 14.Qxc6 bxc6 15.e4 Rfd8
16.Bg5 Bf8 17.Rd3 Be7 18.Rad1 Nb6 19.Ba6 Rxd3 20.Rxd3 Rd8 21.Rxd8+ Bxd8 22.Bb7 Nc4
23.Bxc6 Nxb2 24.Bb5 Ba5 25.Bxf6 Bxc3 26.Kf1 Bd4 27.Ke2 a6 28.Bxa6 Na4 29.Bc4 Nc3+
30.Kf3 h6 31.Bb3 Nb5 32.a4 Na7 33.Bd1 Kf8 34.Ke2 Nc8 35.a5 g5 36.a6 Na7 37.h4 g4
38.f4 gxf3+ 39.Kxf3 Nb5 40.h5 Nc7 41.Bc2 Ne8 42.Bh4 Nd6 43.Bd3 Nc8 44.Bf6 Ne7
45.Bc4 Nc8 46.Bd5 Nb6 47.a7  1-0

[Event "Oslo op"]
[Site "Oslo"]
[Date "1994.??.??"]
[Round "2"]
[White "Lauvas, Dag"]
[Black "Korneev, Oleg"]
[Result "0-1"]
[WhiteElo "2220"]
[BlackElo "2500"]

1.Nf3 d5 2.c4 e6 3.g3 Nf6 4.Bg2 Be7 5.O-O O-O 6.b3 b6 7.cxd5 Nxd5 8.Bb2 Bb7
9.Nc3 a5 10.a3 Nd7 11.Qc2 c5 12.Rac1 Rc8 13.d3 Nxc3 14.Bxc3 Bf6 15.Qb2 Qe7
16.Ne5 Bxg2 17.Kxg2 Bxe5 18.Bxe5 Nxe5 19.Qxe5 Rcd8 20.a4 f6 21.Qe3 e5 22.Rc4 Rfe8
23.Qf3 Rd4 24.Rxd4 exd4 25.Qd5+ Qf7 26.Qxf7+ Kxf7 27.Kf3 Ke6 28.e4 dxe3 29.fxe3 Ke5
30.Rc1 f5 31.Rc4 g5 32.h4 h6 33.Kf2 Kd5 34.Kf3 Re7 35.Kf2 Rb7 36.e4+ fxe4
37.dxe4+ Ke5 38.hxg5 hxg5 39.Kf3 Rd7 40.Kg4 Rd3 41.Rc1 Rxb3 42.Rg1 Rb4 43.Kxg5 Rxa4
44.g4 c4 45.Kh6 c3 46.g5 Rc4 47.g6 c2 48.Rc1 b5 49.g7 Rc8 50.Kh7 b4  0-1

[Event "Oslo op"]
[Site "Oslo"]
[Date "1994.??.??"]
[Round "7"]
[White "Lauvas, Dag"]
[Black "Glenne, Bjorn Erik"]
[Result "1-0"]
[WhiteElo "2220"]
[BlackElo "2265"]

1.Nf3 d5 2.c4 e6 3.g3 Nf6 4.Bg2 c5 5.O-O Nc6 6.cxd5 Nxd5 7.Nc3 Nb6 8.d3 Be7
9.Be3 O-O 10.Rc1 Nb4 11.a3 Na6 12.Ne4 Nd7 13.d4 c4 14.Rxc4 Nb6 15.Rc1 Nd5
16.Bd2 Qb6 17.b4 f5 18.Nc5 Nxc5 19.dxc5 Qc7 20.Bg5 Nf6 21.Bf4 Qc6 22.Nd4 Qe8
23.Qb3 Qf7 24.c6 Nd5 25.Bxd5 exd5 26.cxb7 Bxb7 27.Rc7 Rab8 28.Bd6 Rfe8 29.Rxe7 Rxe7
30.Bxb8 g5 31.e3 Re4 32.Qd3 Qe8 33.Bxa7 f4 34.exf4 g4 35.b5 h5 36.a4 Qa8
37.Nc6 Bxc6 38.bxc6 Qxc6 39.Rd1 h4 40.gxh4 Rxa4 41.Be3 Ra5 42.Rc1 Qe6 43.Qc3 Ra8
44.Qe5 Qf7 45.Bd4 g3 46.Qh8+  1-0

[Event "Pardubice op"]
[Site "Pardubice"]
[Date "1994.??.??"]
[Round "8"]
[White "Panchenko, Alexander N"]
[Black "Kuporosov, Viktor"]
[Result "1-0"]
[WhiteElo "2475"]
[BlackElo "2510"]

1.Nf3 d5 2.c4 c6 3.e3 Nf6 4.Nc3 Bg4 5.Qb3 Qb6 6.cxd5 Qxb3 7.axb3 Bxf3 8.gxf3 Nxd5
9.Nxd5 cxd5 10.d4 Nc6 11.Bd2 e6 12.Ra4 Bd6 13.b4 Kd7 14.b5 Ne7 15.Bd3 f5
16.Ke2 b6 17.Rha1 Nc8 18.Rg1 g6 19.h4 Ne7 20.Rga1 Nc8 21.h5 Rb8 22.Rh1 Rg8
23.hxg6 hxg6 24.Rh7+ Be7 25.e4 Rb7 26.Ra1 Kd8 27.Rg1 Nd6 28.Bf4 fxe4 29.fxe4 dxe4
30.Bxd6 exd3+ 31.Kxd3 Rd7 32.Be5 g5 33.Ke4 Ke8 34.Rc1 g4 35.Rc6 Rf8 36.Bg3 Kd8
37.Rxe6 Bf6 38.Rxd7+ Kxd7 39.Rd6+ Ke7 40.Rc6 Rd8 41.Rxf6  1-0

[Event "Pinneberg op"]
[Site "Pinneberg"]
[Date "1994.??.??"]
[Round "?"]
[White "Nogly, Christoph"]
[Black "Putzbach, Gerd"]
[Result "0-1"]
[WhiteElo "2235"]
[BlackElo "2290"]

1.Nf3 d5 2.c4 dxc4 3.Qa4+ Nd7 4.g3 a6 5.Qxc4 b5 6.Qc6 Rb8 7.Bg2 Bb7 8.Qc2 c5
9.O-O e5 10.a4 Ngf6 11.d3 Be7 12.Bd2 e4 13.Ne1 exd3 14.Nxd3 Bxg2 15.Kxg2 Qb6
16.axb5 axb5 17.Nc3 Qb7+ 18.f3 O-O 19.e4 b4 20.Na4 Nxe4 21.fxe4 Qxe4+ 22.Kg1 Ne5
23.Ne1 Qd4+ 24.Kg2 b3 25.Qc3 Qd5+ 26.Nf3 Nd3 27.Qa5 Bd8 28.Qa6 Re8 29.Nc3 Qd7
30.Rab1 Rb4 31.Rbd1 Nxb2 32.Bg5 Nxd1 33.Rxd1 Qf5 34.Qc6 Rf8 35.Bxd8 Qc2+
36.Rd2 Qxc3 37.Ba5 b2  0-1

[Event "Platja d'Aro Barcino"]
[Site "Platja d'Aro"]
[Date "1994.??.??"]
[Round "?"]
[White "Antunes, Antonio"]
[Black "Dorfman, Josif D"]
[Result "1/2-1/2"]
[WhiteElo "2510"]
[BlackElo "2595"]

1.Nf3 d5 2.c4 e6 3.g3 c6 4.Qc2 Nd7 5.Bg2 b5 6.d3 Ba6 7.Nbd2 Rc8 8.O-O Ngf6
9.b3 Be7 10.Bb2 O-O 11.Rac1 c5 12.e4 bxc4 13.dxc4 Nxe4 14.Nxe4 dxe4 15.Qxe4 Bf6
16.Ne5 Nxe5 17.Bxe5 Bxe5 18.Qxe5 Qb6 19.Rfe1 Rcd8 20.Be4  1/2-1/2

[Event "Platja d'Aro Barcino"]
[Site "Platja d'Aro"]
[Date "1994.??.??"]
[Round "?"]
[White "Antunes, Antonio"]
[Black "Pomes Marcet, Juan"]
[Result "1/2-1/2"]
[WhiteElo "2510"]
[BlackElo "2390"]

1.Nf3 d5 2.c4 c6 3.cxd5 cxd5 4.d4 Nf6 5.Nc3 Nc6 6.Bf4 e6 7.e3 Bd6 8.Bd3 O-O
9.O-O b6 10.Rc1 Bb7 11.a3 Rc8 12.Qe2 Ne4 13.Bxd6 Nxd6 14.Rc2 Na5 15.Rfc1 Nb3
16.Rd1 Ne4 17.Bxe4 dxe4 18.Nd2 Nxd2 19.Qxd2 f5 20.Rdc1 Ba6 21.Na2 Qd7 22.h3 Rxc2
23.Rxc2 Rc8 24.Nb4 Bb7 25.Qc1 Rxc2 26.Qxc2 Bd5 27.Qc3 Kf7 28.Nxd5 exd5 29.b4 Ke7
30.Qc2 Ke8 31.Qe2 g6 32.Qa6 Ke7 33.b5 Qc7 34.Qa4 Qc1+ 35.Kh2 Qc7+ 36.g3 g5
37.Qd1 h6 38.Qh5 Qd6 39.h4 Qf6 40.hxg5 Qxg5 41.Qd1 Qg8 42.Qc2 Qe8 43.a4 Kd6
44.Kg2 Qd7 45.Qc1 Ke6 46.Qh1 Qg7 47.Qc1 Qd7 48.Kf1 Ke7 49.Ke2 Kf6 50.Qa3 Kf7
51.Qc3 Ke6 52.Ke1 Kf6 53.Kd2 Ke6 54.Ke2 Kf6 55.Ke1 Ke6 56.Kd2 Ke7 57.Qc1 Kf7
58.Ke2 Kf6 59.Kf1 Ke6 60.Kg2 Kf6 61.Qa3 Qe7 62.Qc3 Qd7 63.Qc1 Kf7 64.Qh1 Qe6
65.Qh4 Kg7 66.Qh5 Qg6 67.Qd1 Qg4 68.Qc2 Kg6 69.Kf1 Qf3 70.Ke1 Qh1+ 71.Ke2 Qf3+
72.Ke1 Qh1+  1/2-1/2

[Event "Plock op rapid"]
[Site "Plock"]
[Date "1994.??.??"]
[Round "7"]
[White "Isaev, Jamshed"]
[Black "Cichocki, Adam"]
[Result "0-1"]
[WhiteElo "2380"]
[BlackElo "2390"]

1.Nf3 d5 2.c4 c6 3.e3 Nf6 4.Nc3 e6 5.b3 Be7 6.g3 O-O 7.Bg2 Nbd7 8.O-O a5
9.Bb2 Nc5 10.d4 Nce4 11.Nd2 Nxc3 12.Bxc3 b5 13.e4 Ba6 14.e5 Nd7 15.Re1 b4
16.Bb2 a4 17.Qg4 Nb6 18.c5 Nd7 19.Nf1 Bd3 20.Ne3 Ra7 21.h4 Qc7 22.Rad1 Bb5
23.f4  0-1

[Event "POR-chT"]
[Site "?"]
[Date "1994.??.??"]
[Round "?"]
[White "Alexandre, Jorge"]
[Black "Antunes, Antonio"]
[Result "1/2-1/2"]
[WhiteElo "2305"]
[BlackElo "2465"]

1.Nf3 d5 2.c4 e6 3.g3 dxc4 4.Bg2 a6 5.Qc2 Nd7 6.Qxc4 b5 7.Qc2 Bb7 8.O-O Ngf6
9.d3 c5 10.a4 Be7 11.Nc3 Bc6 12.Bf4 O-O 13.Ne5 Bxg2 14.Kxg2 Nxe5 15.Bxe5 Qb6
16.Kg1 Ng4 17.Bf4 b4 18.Nd1 e5 19.Be3 f5 20.h3 Nf6 21.Qc4+ Kh8 22.Rc1 Rac8
23.Bg5 h6 24.Bxf6 Qxf6 25.Ne3 Qg6 26.Nd5 Bg5 27.Rce1 h5 28.Kh2 Rc6 29.f4 exf4
30.Nxf4 Qh6 31.h4 Bf6 32.b3 Bc3 33.Rd1 Bd4 34.e4 Rcf6 35.Rde1 Re8 36.exf5 Rd8
37.Ne6 Qd2+ 38.Kh3 Rb8 39.Nxd4 cxd4 40.Qxd4 Rc8 41.Qd5 Rff8 42.f6 g6 43.Qg5 Rc2
44.Qxd2 Rxd2 45.Re6 Rxd3 46.Rxa6 Rxb3 47.Ra7 Rc3 48.Rb7 Rc6 49.Rxb4 Rcxf6
50.Rxf6 Rxf6 51.a5 Ra6 52.Rb5 Kg7 53.Kg2 Rf6 54.Rb7+ Kh6 55.Rb6 Rf5 56.a6 Kg7
57.a7 Ra5 58.Rb7+ Kf6 59.Kf3 Ra4 60.Ke3 Kf5 61.Rf7+ Ke6 62.Rg7 Kf6 63.Rc7 Kf5
64.Rc5+ Kf6 65.Rc6+ Kf5 66.Rc7 Ra1 67.Rg7 Kf6 68.Rb7 Kf5 69.Rg7 Kf6 70.Rb7 Kf5
71.Rg7 Kf6  1/2-1/2

[Event "POR-chT"]
[Site "?"]
[Date "1994.??.??"]
[Round "?"]
[White "Antunes, Antonio"]
[Black "Santos, Carlos P"]
[Result "1-0"]
[WhiteElo "2465"]
[BlackElo "2300"]

1.Nf3 d5 2.c4 e6 3.g3 c5 4.Bg2 Nf6 5.O-O Nc6 6.d4 dxc4 7.dxc5 Qxd1 8.Rxd1 Bxc5
9.Nbd2 e5 10.Nxc4 e4 11.Ng5 Bf5 12.Be3 Be7 13.Nd6+ Bxd6 14.Rxd6 h6 15.Nh3 Ne5
16.Rc1 O-O 17.Nf4 Rfc8 18.Nd5 Rxc1+ 19.Bxc1 Nxd5 20.Rxd5 f6 21.Bf4 Rc8 22.h4 Be6
23.Rb5 b6 24.Bxe5 Bc4 25.Rb4 fxe5 26.Bh3  1-0

[Event "CRO-ch"]
[Site "Porec"]
[Date "1994.??.??"]
[Round "?"]
[White "Samovojska, Damir"]
[Black "Sulava, Nenad"]
[Result "0-1"]
[WhiteElo "2340"]
[BlackElo "2400"]

1.Nf3 d5 2.c4 c6 3.d4 dxc4 4.a4 b5 5.e3 e6 6.b3 b4 7.Bxc4 Nf6 8.O-O Bb7 9.a5 a6
10.Qe1 c5 11.Ne5 cxd4 12.exd4 Bd5 13.Bd2 Bxc4 14.bxc4 Qxd4 15.Ra2 Bd6 16.Nf3 Qxc4
17.Rb2 Nc6 18.Bg5 Nd5 19.Nbd2 Qb5 20.Ne4 Bb8 21.Qd2 h6 22.Rc2 hxg5 23.Rc5 Qb7
24.Qxg5 Bf4 25.Qxf4 Nxf4 26.Nd6+ Kd7 27.Nxb7 Kc7 28.Nd4 Kxb7 29.Rb1 Nxd4
30.Rxb4+ Nb5 31.Rxf4 f5 32.g4 Rh4 33.f3 Rd8 34.Re5 g5 35.Rb4 Rd1+ 36.Kg2 Rd2+
37.Kg1 Rdxh2 38.gxf5 Rh1+ 39.Kg2 Rxb4 40.Kxh1 exf5 41.Rxf5 Rf4 42.Rxg5 Rxf3
43.Rg7+ Nc7 44.Kg2 Rf5 45.Rd7 Rxa5 46.Kf3 Re5  0-1

[Event "Bohemians"]
[Site "Prague"]
[Date "1994.??.??"]
[Round "2"]
[White "Znamenacek, Kvetoslav"]
[Black "Vavra, Pavel"]
[Result "1/2-1/2"]
[WhiteElo "2260"]
[BlackElo "2365"]

1.Nf3 d5 2.c4 c6 3.b3 Nf6 4.g3 Bg4 5.Bg2 e6 6.O-O Nbd7 7.Bb2 Bd6 8.d3 O-O
9.Nc3 Qe7 10.Qc2 Rfd8 11.a3 Rac8 12.b4 c5 13.b5 Bb8 14.a4 Bxf3 15.exf3 Nf8
16.Rfe1 Qc7 17.f4 d4 18.Ne4 Ng6 19.a5 Nxe4 20.Rxe4 Re8 21.a6 b6 22.Rae1 Re7
23.Qd1 Rce8 24.Qh5 f5 25.R4e2 Qd6 26.Bc1 Kh8 27.Kf1 Rf8 28.Bd2 Rf6 29.Qf3 h6
30.h4 Kh7 31.Qc6 Nf8 32.Qxd6 Bxd6 33.Bc6 g6 34.Kg2 Kg7 35.Kh3 Rff7 36.Kg2 Kf6
37.Kf1 Nh7 38.Kg2 Rg7 39.Rh1 Kf7 40.Bc1 Rg8 41.Bd2 Kf6  1/2-1/2

[Event "Pula PCA op"]
[Site "Pula"]
[Date "1994.??.??"]
[Round "?"]
[White "Voscilla, Adriano"]
[Black "Kovacevic, Vlatko"]
[Result "0-1"]
[WhiteElo "2320"]
[BlackElo "2485"]

1.Nf3 d5 2.c4 e6 3.g3 c6 4.b3 b5 5.Bg2 Be7 6.Bb2 Nf6 7.O-O O-O 8.Qc2 Nbd7
9.d3 Bb7 10.Nbd2 a5 11.Rfc1 dxc4 12.bxc4 b4 13.a4 c5 14.Nb3 Qc7 15.Ra2 Rfd8
16.Qb1 Ne8 17.Qa1 Bf6 18.Rd1 Bxb2 19.Rxb2 Nd6 20.Rc2 Nc8 21.Ra2 Ne7 22.Qc1 Ra6
23.Qe3 Nf5 24.Qf4 Qxf4 25.gxf4 Bxf3 26.Bxf3 Nd4 27.Bb7 Ra7 28.Nxd4 cxd4 29.Bc6 Nc5
30.Kg2 Rc7 31.Bb5 f5 32.Kf3 Kf7 33.Rad2 Kf6 34.e3 g5 35.fxg5+ Kxg5 36.Rg1+ Kf6
37.Ke2 e5 38.Rdd1 Re7 39.Rg3 e4 40.dxe4 Nxe4  0-1

[Event "CRO-Cup"]
[Site "Pula"]
[Date "1994.??.??"]
[Round "2"]
[White "Voscilla, Adriano"]
[Black "Golubovic, Boris"]
[Result "0-1"]
[WhiteElo "2320"]
[BlackElo "2400"]

1.Nf3 d5 2.c4 c6 3.b3 Bg4 4.Bb2 e6 5.Ne5 Bh5 6.g4 Bg6 7.h4 Be4 8.f3 Bxb1
9.Qxb1 f6 10.Nd3 Bd6 11.f4 Nd7 12.Bg2 Nh6 13.Bf3 Qe7 14.g5 Nf5 15.Qc2 Ba3
16.Nf2 Bxb2 17.Qxb2 O-O 18.Ng4 b5 19.cxb5 cxb5 20.Rc1 Qd6 21.gxf6 gxf6 22.e3 e5
23.Qc2 e4 24.Be2 a6 25.Kf2 Kf7 26.Nh2 Ne7 27.Bh5+ Ke6 28.Ng4 f5 29.Nh6 Rf6
30.Bf7+ Rxf7 31.Nxf7 Kxf7 32.Rhg1 Qh6 33.Qb2 Qxh4+ 34.Kf1 Nf6 35.Rc7 Ng4
36.Rxg4 fxg4 37.Qe5 Rd8 38.Qf5+ Ke8 39.Qe5 Kf7 40.Qf5+ Qf6 41.Qxh7+ Kf8 42.Kg2 d4
43.Rc5 dxe3 44.dxe3  0-1

[Event "ROM-chT"]
[Site "ROM"]
[Date "1994.??.??"]
[Round "?"]
[White "Neamtu, Serban"]
[Black "Breahna, Radu"]
[Result "1/2-1/2"]
[WhiteElo "2330"]
[BlackElo "2335"]

1.Nf3 d5 2.c4 dxc4 3.e3 c5 4.Bxc4 Nf6 5.O-O e6 6.d4 a6 7.Qe2 b5 8.Bb3 Bb7
9.Rd1 Nbd7 10.Nc3 Qb8 11.Ne5 Bd6 12.Nxd7 Nxd7 13.h3 O-O 14.d5 exd5 15.Bxd5 Bxd5
16.Nxd5 Re8 17.b3 Bh2+ 18.Kh1 Be5 19.Bb2 Qb7 20.Rab1  1/2-1/2

[Event "ROM-ch (Women)"]
[Site "ROM"]
[Date "1994.??.??"]
[Round "?"]
[White "Olarasu, Gabriela"]
[Black "Belc Popovici, Daniela"]
[Result "1-0"]
[WhiteElo "2290"]
[BlackElo "2070"]

1.Nf3 d5 2.c4 c6 3.b3 Bg4 4.Bb2 Nd7 5.e3 e5 6.cxd5 cxd5 7.Nc3 Ngf6 8.h3 Bxf3
9.Qxf3 e4 10.Qf4 a6 11.g4 h6 12.Nxd5 Nxd5 13.Qxe4+ Ne7 14.Qxb7 Nc5 15.Qf3 Qd5
16.Qxd5 Nxd5 17.d4 Ne6 18.Bg2 Bb4+ 19.Ke2 Rd8 20.a3 Be7 21.Rac1 O-O 22.Rc6 Ndc7
23.Rhc1 Rd7 24.f4 Bd8 25.f5 Ng5 26.R1c5 Re7 27.h4 Ne4 28.Re5 Rfe8 29.Bxe4  1-0

[Event "Sala op"]
[Site "Sala"]
[Date "1994.??.??"]
[Round "4"]
[White "Dobrotka, Martin"]
[Black "Golod Ratner, A."]
[Result "1/2-1/2"]
[WhiteElo "2285"]
[BlackElo "2080"]

1.Nf3 d5 2.c4 c6 3.d4 Bf5 4.Nc3 e6 5.Qb3 Qb6 6.c5 Qxb3 7.axb3 Na6 8.Ra4 Bc2
9.Nd2 e5 10.e3 exd4 11.Bxa6 bxa6 12.exd4 O-O-O 13.O-O Re8 14.Ra3 Bd3 15.Rd1 Bc2
16.Rf1 Bd3  1/2-1/2

[Event "Sala op"]
[Site "Sala"]
[Date "1994.??.??"]
[Round "6"]
[White "Dobrotka, Martin"]
[Black "Salakhova, Gulnar"]
[Result "1/2-1/2"]
[WhiteElo "2285"]
[BlackElo "2125"]

1.Nf3 d5 2.c4 dxc4 3.Qa4+ Nd7 4.Qxc4 a6 5.d4 b5 6.Qc2 Bb7 7.Nbd2 e6 8.Nb3 Ngf6
9.e3 Be4 10.Bd3 Bxd3 11.Qxd3 c5 12.dxc5 Nxc5 13.Qxd8+ Rxd8 14.Nxc5 Bxc5 15.Ke2 Ke7
16.Bd2 Ne4 17.Rac1 Nxd2 18.Rxc5 Nxf3 19.gxf3 Rd7 20.Rd1 Rxd1 21.Kxd1 Kd6
22.b4 Kd7 23.Kd2 Rc8 24.Rxc8 Kxc8 25.Kd3 Kd7 26.Ke4 Kd6 27.f4 f6 28.h4 g6
29.Kd4 e5+ 30.fxe5+ fxe5+ 31.Ke4 Ke6 32.a3 h6 33.f3 Kf6 34.f4 exf4 35.Kxf4 g5+
36.hxg5+ hxg5+ 37.Ke4 Ke6 38.Kd4 Kf5 39.Kd5 g4 40.e4+ Kf6 41.Kd6 g3 42.e5+ Kf5
43.e6 g2 44.e7 g1=Q 45.e8=Q Qg3+ 46.Kd5 Qd3+ 47.Kc5 Qxa3 48.Qe1  1/2-1/2

[Event "Sevilla op"]
[Site "Sevilla"]
[Date "1994.??.??"]
[Round "5"]
[White "Reales Murto, Manuel J"]
[Black "Gomez Esteban, Juan Mario"]
[Result "0-1"]
[WhiteElo "2275"]
[BlackElo "2485"]

1.Nf3 d5 2.c4 d4 3.b4 a5 4.b5 c5 5.g3 g6 6.d3 Bg7 7.Bg2 e5 8.O-O Ne7 9.Bg5 h6
10.Bd2 O-O 11.Na3 Ra7 12.Ne1 f5 13.f4 Nd7 14.Nac2 b6 15.fxe5 Nxe5 16.Nf3 Ng4
17.h3 Nf6 18.Qe1 Nh5 19.Rd1 Qd6 20.Bf4 Nxf4 21.gxf4 Qxf4 22.Nfxd4 Bxd4+ 23.Nxd4 Qxd4+  0-1

[Event "Sevilla op"]
[Site "Sevilla"]
[Date "1994.??.??"]
[Round "8"]
[White "Vila, Aurelio"]
[Black "Yakovich, Yuri"]
[Result "1-0"]
[WhiteElo "2305"]
[BlackElo "2520"]

1.Nf3 d5 2.c4 dxc4 3.Na3 c5 4.Nxc4 Nc6 5.g3 f6 6.Bg2 e5 7.O-O Nge7 8.b3 Nf5
9.Bb2 Be7 10.Rc1 O-O 11.Ne1 Bd7 12.Nd3 Rc8 13.f4 b5 14.Na3 Qb6 15.Kh1 exf4
16.Nxf4 Bd6 17.Bd5+ Kh8 18.e4 Nfd4 19.Nc2 Nxc2 20.Rxc2 Nb4 21.Qh5 Bxf4 22.Rxf4 Be8
23.Qf5 Rd8 24.Be6 Bg6 25.Qxg6 Qxe6 26.Rh4 h6 27.Rxc5 Qf7 28.Rxh6+ gxh6 29.Qxh6+ Kg8
30.Rg5+  1-0

[Event "Sitges op"]
[Site "Sitges"]
[Date "1994.??.??"]
[Round "5"]
[White "Moreno Ruiz, Javier"]
[Black "Vazquez Tey, JA."]
[Result "1/2-1/2"]
[WhiteElo "2370"]
[BlackElo "2200"]

1.Nf3 d5 2.c4 c6 3.e3 Nf6 4.d4 Bg4 5.Nbd2 e6 6.Be2 Nbd7 7.O-O Bd6 8.b3 Ne4
9.Nxe4 dxe4 10.Nd2 Bxe2 11.Qxe2 f5 12.f3 exf3 13.Qxf3 Qf6 14.Qh5+ g6 15.Qh6 Bf8
16.Qh3 O-O-O 17.Bb2 e5 18.Rab1 Qe7 19.e4 Qg5 20.Rbd1 Bb4 21.Nf3 Qe3+ 22.Kh1 fxe4
23.dxe5  1/2-1/2

[Event "Skei"]
[Site "Skei"]
[Date "1994.??.??"]
[Round "9"]
[White "Gausel, Einar"]
[Black "Lyrberg, Patrik"]
[Result "1/2-1/2"]
[WhiteElo "2485"]
[BlackElo "2415"]

1.Nf3 d5 2.c4 e6 3.d4 Nf6 4.Bg5 Be7 5.Nc3 O-O 6.e3 h6 7.Bh4 Ne4 8.Bxe7 Qxe7
9.Rc1 c6 10.Bd3 Nxc3 11.Rxc3 Nd7 12.O-O dxc4 13.Bxc4 e5 14.Bb3 exd4 15.exd4 Nf6
16.Re1 Qd6 17.Ne5 Be6 18.Bxe6 Qxe6 19.Ng6 Ne4 20.Nxf8 Nxc3 21.bxc3 Qd5 22.Nh7 Qd6
23.Qh5 b5 24.Ng5 hxg5 25.Qxg5 b4 26.cxb4 Qxb4 27.Rd1 Re8 28.Qc1 Re4 29.a3 Qa4
30.Qa1 Re2 31.h3 Qc2 32.Rf1 a5 33.a4 Qb2  1/2-1/2

[Event "SLO-chT"]
[Site "?"]
[Date "1994.??.??"]
[Round "?"]
[White "Kozul, Zdenko"]
[Black "Petrosian, Arshak B"]
[Result "1/2-1/2"]
[WhiteElo "2575"]
[BlackElo "2455"]

1.Nf3 d5 2.c4 d4 3.e3 Nc6 4.b4 dxe3 5.fxe3 Nxb4 6.Qa4+ Nc6 7.d4 Bd7 8.Qb3 e5
9.d5 Nb4 10.a3 Na6 11.Nxe5 Nc5 12.Qc2 Ba4 13.Qf2 Nf6 14.Nc3 Bd6 15.Nd3 Bd7
16.Nxc5 Bxc5 17.Bd3 O-O 18.h3 Qe7 19.O-O Rae8 20.Re1 Qe5 21.Bd2 Re7 22.Qf3 Rfe8
23.Re2 Nh5 24.Rf2 Nf6  1/2-1/2

[Event "SLO-chT"]
[Site "?"]
[Date "1994.??.??"]
[Round "?"]
[White "Jeric, Simon"]
[Black "Truta, Srecko"]
[Result "1-0"]
[WhiteElo "2365"]
[BlackElo "2260"]

1.Nf3 d5 2.c4 e6 3.g3 Nf6 4.Bg2 dxc4 5.Qa4+ Nbd7 6.Qxc4 c5 7.O-O Be7 8.Qc2 O-O
9.d4 Qb6 10.Rd1 cxd4 11.Nxd4 Nc5 12.Nc3 Bd7 13.h3 Rac8 14.Be3 Qa6 15.a4 Rfd8
16.Qb1 e5 17.Nf5 Bf8 18.b4 Ne6 19.b5 Qa5 20.Ne4 Nxe4 21.Qxe4 Nc5 22.Qxe5 Nxa4
23.Nh6+ gxh6 24.Bd4  1-0

[Event "SLO-sf"]
[Site "?"]
[Date "1994.??.??"]
[Round "?"]
[White "Ciglic, Boris"]
[Black "Stojnic, Miodrag"]
[Result "1-0"]
[WhiteElo "2215"]
[BlackElo "1965"]

1.Nf3 d5 2.c4 c6 3.b3 e6 4.Bb2 Nf6 5.g3 Bd6 6.Bg2 O-O 7.O-O Nbd7 8.d4 Re8
9.Nc3 b6 10.Qc2 Bb7 11.Rfd1 Qe7 12.e4 dxe4 13.Nxe4 Nxe4 14.Qxe4 Nf6 15.Qh4 Nd7
16.Qxe7 Rxe7 17.Ne5 Rc8 18.f4 Kf8 19.c5 bxc5 20.Ba3 Ke8 21.Nc4 Bb8 22.Bxc5 Nxc5
23.dxc5 Rd8 24.Na5 Rc8 25.Rd4 e5 26.Rb4 Ba8 27.Bxc6+ Bxc6 28.Nxc6 Rxc6 29.Rxb8+ Kd7
30.Rb7+ Ke6 31.Rxe7+ Kxe7 32.b4 exf4 33.gxf4 Ke6 34.Rd1 Kf5 35.Rd7 Ke4 36.Rxa7 Kf3
37.Ra3+ Ke2 38.Kg2 Rg6+ 39.Rg3 Ra6 40.b5 Ra5 41.Rb3 g5 42.c6 gxf4 43.c7 Ra8
44.Rb2+ Ke3 45.b6 f3+ 46.Kh3 f2 47.Rxf2 Kxf2 48.b7 Ra3+ 49.Kh4  1-0

[Event "Solin"]
[Site "Solin"]
[Date "1994.??.??"]
[Round "1"]
[White "Dizdar, Goran"]
[Black "Berebora, Ferenc"]
[Result "1/2-1/2"]
[WhiteElo "2500"]
[BlackElo "2390"]

1.Nf3 d5 2.c4 e6 3.d4 dxc4 4.e3 b5 5.a4 c6 6.Nc3 Bb4 7.Bd2 a5 8.axb5 Bxc3
9.Bxc3 cxb5 10.b3 Bb7 11.bxc4 b4 12.Bb2 Nf6 13.Bd3 Nbd7 14.O-O O-O 15.Qc2 Qc7
16.Rfe1 Rfe8 17.e4 e5 18.c5 h6 19.h3 exd4 20.Bxd4 Bc6 21.Nd2  1/2-1/2

[Event "St Petersburg op2"]
[Site "St Petersburg"]
[Date "1994.??.??"]
[Round "1"]
[White "Kochyev, Alexander"]
[Black "Belozerov, Andrei"]
[Result "1/2-1/2"]
[WhiteElo "2465"]
[BlackElo "2320"]

1.Nf3 d5 2.c4 dxc4 3.e3 Nf6 4.Bxc4 e6 5.O-O c5 6.d4 a6 7.dxc5 Qxd1 8.Rxd1 Bxc5
9.Be2 Ke7 10.a3 b5 11.b4 Bd6 12.Bb2 Bb7 13.Nbd2 Nbd7 14.Nb3 Bd5 15.Na5 Rhc8
16.Rac1 Nb6 17.Nd2 Rxc1 18.Rxc1 Rc8 19.Rxc8 Nxc8  1/2-1/2